Score 0/28 Timer 04:00
7 Plays Today
Hint Answer % Correct
Ends with 'N'Austin
85.4%
Begins with 'A'Austin
85.4%
Begins with 'A'Albany
80%
Begins with 'C'Columbus
77.5%
Ends with 'S'Columbus
77.5%
Begins with 'A'Atlanta
76.6%
Begins with 'O'Oklahoma City
74.5%
Begins with 'A'Annapolis
73.5%
Ends with 'S'Annapolis
73.5%
Begins with 'A'Augusta
72.5%
Begins with 'C'Carson City
71.3%
Begins with 'C'Columbia
69.4%
Ends with 'N'Charleston
68.8%
Begins with 'C'Charleston
68.8%
Hint Answer % Correct
Ends with 'N'Boston
68.3%
Begins with 'O'Olympia
67.3%
5 LettersBoise
66.6%
5 LettersSalem
66.3%
3 Consecutive Vowels (not 'y')Juneau
62.3%
Ends with 'N'Jackson
60.5%
Begins with 'C'Cheyenne
59.9%
Ends with 'S'Indianapolis
59.9%
Begins with 'C'Concord
59%
Ends with 'N'Lincoln
58.9%
Ends with 'N'Madison
57.7%
5 LettersDover
56.6%
Ends with 'S'Des Moines
54.7%
Ends with 'N'Trenton
53%
Remove Ads.
Support Sporcle.
Get the best of Sporcle when you Go Orange. This ad-free experience offers more features, more stats, and more fun while also helping to support Sporcle. Thank you for becoming a member.

You're not logged in!

Compare scores with friends on all Sporcle quizzes.
OR
Log In

Show Comments

Extras

Top Quizzes Today


Score Distribution

Your Account Isn't Verified!

In order to create a playlist on Sporcle, you need to verify the email address you used during registration. Go to your Sporcle Settings to finish the process.

Report this User

Report this user for behavior that violates our Community Guidelines.

Details: